Central Library OPAC University of Rajshahi

The fertility of American women / (Record no. 35692)

MARC details
000 -LEADER
fixed length control field 00872nam a22002531 4500
001 - CONTROL NUMBER
control field 35692
003 - CONTROL NUMBER IDENTIFIER
rucl marc code BD-RjUL
005 - DATE AND TIME OF LATEST TRANSACTION
control field 20211209052349.0
008 - FIXED-LENGTH DATA ELEMENTS--GENERAL INFORMATION
fixed length control field 140531s1958 nyua 000 0 eng
035 ## - SYSTEM CONTROL NUMBER
System control number (BD-RjUL)35787
040 ## - CATALOGING SOURCE
Original cataloging agency DLC
Transcribing agency DLC
Modifying agency DLC
Language of cataloging eng
041 ## - LANGUAGE CODE
Language code of text/sound track or separate title eng
082 00 - DEWEY DECIMAL CLASSIFICATION NUMBER
Classification number 363.960973
Author mark and year GRF 1958
100 1# - MAIN ENTRY--PERSONAL NAME
Personal name Grabill, Wilson H.
9 (RLIN) 108809
245 14 - TITLE STATEMENT
Title The fertility of American women /
Statement of responsibility, etc. by Wilson H. Grabill, Clyde V. Kiser [and] Pascal K. Whelpton for the Social Science Research Council in cooperation with the U.S. Dept. of Commerce, Bureau of the Census.
260 ## - PUBLICATION, DISTRIBUTION, ETC. (IMPRINT)
Place of publication, distribution, etc. New York :
Name of publisher, distributor, etc. Wiley ;
Date of publication, distribution, etc. 1958
300 ## - PHYSICAL DESCRIPTION
Pagination 448 p. :
Illustrations illus. ;
Size 24 cm.
490 0# - SERIES STATEMENT
Series statement Census monograph series
650 #0 - SUBJECT ADDED ENTRY--TOPICAL TERM
Topical term or geographic name as entry element Fertility, Human.
9 (RLIN) 108810
651 #0 - SUBJECT ADDED ENTRY--GEOGRAPHIC NAME
Geographic name United States
General subdivision Statistics, Vital.
9 (RLIN) 104824
942 ## - ADDED ENTRY ELEMENTS (KOHA)
Source of classification or shelving scheme Dewey Decimal Classification
Koha item type Books
Holdings
Lost status Source of classification or shelving scheme Damaged status Not for loan Collection code Permanent Location Current Location Shelving location Date acquired Source of acquisition Cost, normal purchase price Total Checkouts Full call number Date last seen Copy number Koha item type
  Dewey Decimal Classification   Not For Loan Non-fiction Central Library, University of Rajshahi Central Library, University of Rajshahi Reading Room 30/03/1964 zeetlinger 34.00   363.960973 GRF 1958 31/05/2014 C-1 Books